Creating a vision of the future : strategies for motivating minority students (Record no. 65168)

MARC details
000 -CABECERA
campo de control de longitud fija 00655nam a2200229 a 4500
005 - FECHA Y HORA DE LA ÚLTIMA TRANSACCIÓN
campo de control 20210219152954.0
008 - ELEMENTOS DE LONGITUD FIJA--INFORMACIÓN GENERAL
campo de control de longitud fija 991125n 000 0 u
035 ## - NÚMERO DE CONTROL DEL SISTEMA
Número de control de sistema UPN01000069952
100 ## - ASIENTO PRINCIPAL--NOMBRE PERSONAL
Nombre de persona ABI-NADER, Jeannette
222 ## - TÍTULO CLAVE
Título clave PHI DELTA KAPPAN
245 ## - MENCIÓN DE TÍTULO
Título Creating a vision of the future : strategies for motivating minority students
300 ## - DESCRIPCIÓN FÍSICA
Extensión 546-549
362 ## - FECHAS DE PUBLICACIÓN Y/O DESIGNACIÓN SECUENCIAL
Fecha de publicación y/o designación secuencial 72, No. 7, 1991
505 ## - NOTA DE CONTENIDO CON FORMATO PREESTABLECIDO
Nota de contenido con formato Julio 1991
653 0# - TERMINO DE INDIZACION - NO CONTROLADO
Término no controlado ANTECEDENTES CULTURALES
653 0# - TERMINO DE INDIZACION - NO CONTROLADO
Término no controlado FUTURO DE LA SOCIEDAD
653 0# - TERMINO DE INDIZACION - NO CONTROLADO
Término no controlado MOTIVACION DEL ESTUDIANTE
653 0# - TERMINO DE INDIZACION - NO CONTROLADO
Término no controlado NORTEAMERICANOS HISPANOS
653 0# - TERMINO DE INDIZACION - NO CONTROLADO
Término no controlado PLANEACION
904 ## - ELEMENTOS DE DATOS D LOCAL, LDD (RLIN)
a AC
b 007763
905 ## - TIPO DE MATERIAL
Tipo de material Articulo

No items available.